00714 2200181 4500001002100000005001500021035002000036245006300056100001500119250001700134300002800151260003900179082001000218084001600228020002200244650002800266520023800294INLIS00000000000074820241019083137 a0010-10240000411 aEnsiklopedia Matematika 1 :bMatematika Kuno /cTri Rahayu0 aTri Rahayu aCetakan ke-1 a56 hlm :bIlus ;c25 cm aBekasi :bUranus publishing,c2011 a510.3 a510.3 TRI e a978-602-8637-44-2 4aEnsiklopedia matematika aMatematika ternyata tak sesulit dan menakutkan, disini kalian akan mengenal matematika secara lengkap. Mulai dari seri sejarah matematika Kuno, tokoh-tokoh matematika, pengukuran, dan juga apapun tentang matematika yang menyenangkan.